Normal view
MARC view
- Corripio, Armando B , Smith, Carlos A
Entry Personal Name
001 - CONTROL NUMBER
- control field: 66638
003 - CONTROL NUMBER IDENTIFIER
- control field: NUST
005 - DATE AND TIME OF LATEST TRANSACTION
- control field: 20210628203630.0
008 - FIXED-LENGTH DATA ELEMENTS
- fixed length control field: 210628|| aca||aabn | a|a d
040 ## - CATALOGING SOURCE
- Original cataloging agency: NUST
- Transcribing agency: NUST
100 ## - HEADING--PERSONAL NAME
- Personal name: Corripio, Armando B , Smith, Carlos A
670 ## - SOURCE DATA FOUND
- Source citation: Work cat.: (NUST): Corripio, Armando B , Smith, Carlos A, Principles and practice of automatic process control, 1985
